00581nam a22002057a 450000500170000001000130001702000220003003500130005203700160006504000120008108200160009310000230010924500640013226000500019627000490024630000250029550000190032065000150033965000210035420170124110151.0 aB-158799 c00.00a8176489905 aB-158799 bCen Lib/Ret aDPLbEN a647.92bCHA aChakravarti, B. K. aConcept of front office management /cby B. K. Chakravarti aNew DlehibA.P.H.Publishing Corporationc2006 b5, Ansari Road Darya GanjaNew Delhie110002 axii,314p. c20cm(Hb) aIncludes index aManagement aHotel management